Field screening rice varities for resistance to gall midge ពិសោធន៍តាមដានរកពូជស្រុវធន់នឺងការបំផ្លាញរបស់មូសផ្លុងក្នុងល័ក្ខខណ្ឌ័ស្រែ (Record no. 404)

000 -LEADER
fixed length control field 00614nam a22001337a 4500
040 ## - CATALOGING SOURCE
Transcribing agency RUA
082 ## - DEWEY DECIMAL CLASSIFICATION NUMBER
Classification number AGR TRY 1999 B023 Or.1
100 ## - MAIN ENTRY--AUTHOR NAME
Personal name TRY, RITHEA.
245 ## - TITLE STATEMENT
Title Field screening rice varities for resistance to gall midge ពិសោធន៍តាមដានរកពូជស្រុវធន់នឺងការបំផ្លាញរបស់មូសផ្លុងក្នុងល័ក្ខខណ្ឌ័ស្រែ
260 ## - PUBLICATION, DISTRIBUTION, ETC. (IMPRINT)
Place of publication Phonm Penh
Name of publisher RUA
Year of publication 2001
300 ## - PHYSICAL DESCRIPTION
Number of Pages 46p.
Other physical details ill
Dimensions 29cm
856 ## - ELECTRONIC LOCATION AND ACCESS
Uniform Resource Identifier https://drive.google.com/file/d/1o8xwSSk1T6wxFOCViZ_z_VBptCnH3PW3/view?usp=sharing
942 ## - ADDED ENTRY ELEMENTS (KOHA)
Koha item type AGR
952 ## - LOCATION AND ITEM INFORMATION (KOHA)
Withdrawn status [LOCAL, KOHA] 0
952 ## - LOCATION AND ITEM INFORMATION (KOHA)
Withdrawn status [LOCAL, KOHA] 0
952 ## - LOCATION AND ITEM INFORMATION (KOHA)
Withdrawn status [LOCAL, KOHA] 0
952 ## - LOCATION AND ITEM INFORMATION (KOHA)
Withdrawn status [LOCAL, KOHA] 0
952 ## - LOCATION AND ITEM INFORMATION (KOHA)
Withdrawn status [LOCAL, KOHA] 0
952 ## - LOCATION AND ITEM INFORMATION (KOHA)
Withdrawn status [LOCAL, KOHA] 0
952 ## - LOCATION AND ITEM INFORMATION (KOHA)
Withdrawn status [LOCAL, KOHA] 0
952 ## - LOCATION AND ITEM INFORMATION (KOHA)
Withdrawn status [LOCAL, KOHA] 0
952 ## - LOCATION AND ITEM INFORMATION (KOHA)
Withdrawn status [LOCAL, KOHA] 0
Holdings
Koha item type Barcode Lost status Permanent Location Current Location Date acquired Full call number
AGRRUA002745 Library Block BLibrary Block B2015-09-14AGR TRY 1999 B023 Or.1
AGRRUA002817 Library Block BLibrary Block B2015-09-14AGR TRY 1999 B023 Or.2
AGRRUA002673 Library Block BLibrary Block B2015-09-14AGR TRY 1999 B023 Or.3
AGRRUA002601 Library Block BLibrary Block B2015-09-14AGR TRY 1999 B023 Or.4
AGRRUA002529 Library Block BLibrary Block B2015-09-14AGR TRY 1999 B023 Or.5
AGRRUA002955 Library Block BLibrary Block B2015-09-14AGR TRY 1999 B023 Or.6
AGRRUA002256 Library Block BLibrary Block B2015-09-14AGR TRY 1999 B023 Or.7
AGRRUA002184 Library Block BLibrary Block B2015-09-14AGR TRY 1999 B023 Or.8
AGRRUA002112 Library Block BLibrary Block B2015-09-14AGR TRY 1999 B023 Or.9
មជ្ឈមណ្ឌលឯការនៃសាកលវិទ្យាល័យភូមិន្ទកសិកម្មចំការដូង

Powered by Koha